000 00361nam a2200133Ia 4500
005 20260328101522.0
008 260328s9999||||xx |||||||||||||| ||und||
100 _aKlanten, Robert
245 0 _aUtopia forever :
_b Visions of Architecture and Urbanism /
_cRobert Klanten
260 _bGestalten
300 _a256 p.
650 _aARQUITECTURA CIVIL
942 _cBK
999 _c9636
_d9636